| 000 | 00572nam a2200181Ia 4500 | ||
|---|---|---|---|
| 008 | 151018s9999 xx 000 0 und d | ||
| 082 |
_bRBASDV6876 _a891.463 |
||
| 100 | _aचंद्रकांत काकोडकर | ||
| 245 | _aतापसी | ||
| 250 | _b1 | ||
| 260 |
_bसिधदार्थ साहित्य _c1969 |
||
| 300 | _a92 | ||
| 600 | _aचंद्रकांत काकोडकर | ||
| 630 | _aतापसी | ||
| 700 | _aचंद्रकांत काकोडकर | ||
| 730 | _aतापसी | ||
| 942 | _cBOOK | ||
| 999 |
_c1009245 _d1009242 |
||